| 000 | 00345nab a22001097u 4500 | ||
|---|---|---|---|
| 008 | 130520b1986 xxu||||| |||| 00| 0 spa d | ||
| 041 | _aspa | ||
| 100 | 1 |
_aAlberigo, Giuseppe _91526 |
|
| 245 | 0 | 0 |
_aNuevas perspectivas eclesiales a raíz del Sínodo _cGiuseppe Alberigo |
| 773 | 0 |
_tConcilium _gV.2,1986,págs.481-490 _x0210-1041 _wRev134 |
|
| 942 | _cAR | ||
| 999 |
_c355219 _d355219 |
||